Mis ciento un sonetos /

Guardado en:
Autor Principal: Venini, Antonio Alejandro
Formato: Libro
Publicado: Buenos Aires : El Ateneo, 1922
Materias:
Etiquetas: Agregar Etiqueta
Sin Etiquetas, Sea el primero en etiquetar este registro!
LEADER 00535nam a22001935a 4500
001 CEM.cems006520
005 20060214000000.0
008 130507s1922##################000#0#####d
003 CEMS
082 0 4 |a A861.4 
100 1 |a Venini, Antonio Alejandro 
245 1 0 |a Mis ciento un sonetos / 
260 |a Buenos Aires :  |b El Ateneo,  |c 1922 
300 |a 193 p. 
653 |a Literatura 
653 |a Literatura argentina 
653 |a Poesia argentina-siglo 20 
653 |a Poesias 
859 |a CEMS  |b BIB. CEMS - 11 de abril  |h A861.4  |i V558  |p 10162.81  |t Ej.1